The Sandcastle Competition

Spremljeno u:
Bibliografski detalji
Glavni autor: Julie Penn, Emilia Robledo
Format: Nepoznato
Izdano: 1983
Oznake: Dodaj oznaku
Bez oznaka, Budi prvi tko označuje ovaj zapis!
Thư viện lưu trữ: Mạng thư viện Đại học Đà Nẵng
LEADER 00723na a2200217 4500
001 000032915
003 9040
005 20151002110610.0
008 151002s1983 000
082 |a 420.83 
100 |a Julie Penn, Emilia Robledo 
245 |a The Sandcastle Competition  |c Julie Penn, Emilia Robledo 
260 |c 1983 
OWN |a LNN 
AVA |a UDN50  |b LNN  |d 420.83  |e available  |t Error 5001 Not defined in file expand_doc_bib_avail.  |f 1  |g 0  |h N  |i 0  |k 1 
999 |a From the UDN01 
AVA |a UDN50  |b LNN  |d 420.83  |e available  |t Error 5001 Not defined in file expand_doc_bib_avail.  |f 1  |g 0  |h N  |i 0  |k 1 
TYP |a Printed language 
980 |a Mạng thư viện Đại học Đà Nẵng